| 000 | 00437nam a2200169 a 4500 | ||
|---|---|---|---|
| 005 | 20140412111306.0 | ||
| 008 | 030415s19uu xx 00 eng d | ||
| 020 | _a983-084-118-9 | ||
| 050 |
_aER _bFl59 |
||
| 245 | _aThe flying trunk. | ||
| 260 |
_aKuala Lumpur : _bKiddibird Sdn. Bhd. |
||
| 300 | _a1 v. (unp.) ; ill. | ||
| 440 | _aEvergreen Fairy Tales | ||
| 500 | _aIncludes glossary | ||
| 650 | _aFairy tales | ||
| 999 |
_c103686 _d103686 |
||